Statistics for Manifest Characters Quiz

Click here to take the quiz!

General Stats

  • This quiz has been taken 537 times
  • The average score is 14 of 23

Answer Stats

HintAnswer% Correct
Detective for NYPD's 129th precinct, was a passenger on Flight 828Michaela Stone
97%
College professor, passenger on Flight 828, works hard to solve all the callingsBen Stone
92%
Also known as the 'Holy Grail', has a closer connection with the callings than almost all the other passengersCal Stone
91%
Ex-fiancé of the above, detective for NYPD's 129th precinct, later promoted to lieutenantJared Vasquez
90%
Twin sister of the aboveOlive Stone
88%
Medical doctor at Mercy Hospital, was a passenger on Flight 828Saanvi Bahl
82%
Received callings despite not being a returnee due to being pregnant with a passengerGrace Stone
81%
Hiker who went missing and presumed dead in a cave, returns a year later in a similar instance to Flight 828Zeke Landon
80%
NSA Director, helps the passengersRobert Vance
77%
Passenger who was held captive by her parents and rescued at the beginning of Season 3Angelina Meyer
75%
High-ranking government official that tested on passengersMajor-General Kathryn Fitz
61%
College student, passenger on Flight 828, Olive's boyfriend, moved to CairoTJ Morrison
58%
Michaela's new partner at workDrea Mikami
55%
Head of the Church of the BelieversAdrian Shannon
53%
Psychopath drug dealer who wants to kidnap and kill CalJace Baylor
50%
Captain of Flight 828Captain Bill Daly
48%
Passenger with photographic memory, leads a resistance movement against BenEagan Tehrani
39%
Brother of the above, wants to watch the sunrise with AngelinaPete Baylor
36%
Lead scientist at Eureka, was initially a hard believer of scienceDr. Aria Gupta
32%
Daughter of the aboveSarah Fitz
29%
Bus driver formerly allied with JaceKory Jephers
20%
A "good friend" of Saanvi, works with her at Eureka to solve the mystery of the callingsTroy Davis
19%
New captain of NYPD's 129th precinct, replaces Captain RiojasCaptain Kate Bowers
16%

Score Distribution

Percentile by Number Answered

Percent of People with Each Score

Your Score History

You have not taken this quiz